Angers en images - Statistiques

Statistiques générales
  • Ce quiz a été pris 560 fois
  • Le résultat moyen est 11 sur 18
Statistiques - réponses
Par images Hint Réponse % Correct
Monument Château d'Angers
99%
Rivière Maine
88%
Gare Gare Angers-Saint-Laud
83%
Roche locale Ardoise
80%
Jardin à la française Jardin du mail
79%
Région historique Anjou
75%
Alcool Cointreau
71%
Plus grande tapisserie médiévale Tenture de l'apocalypse
70%
Homme politique Christophe Béchu
69%
Quartier le plus ancien La Doutre
69%
Centre culturel Le Quai
59%
Ile Ile Saint-Aubin
55%
Parc Parc de Balzac
49%
Spécialité Quernon d'ardoise
47%
Édifice religieux Cathédrale Saint-Maurice
44%
Musée Musée Jean Lurçat
33%
Pont Pont de Verdun
30%
Roi René d'Anjou
29%
Aucun quiz correspondant
Distribution des résultats
% des personnes avec chaque résultat
Percentile par nombre de réponses
Votre historique - résultats
Vous n’avez pas pris ce quiz